000 00807nam a2200217 a 4500
001 BRCA_1531
005 20190320203449.0
008 960307s1995 mx-a---##b---#000-0#spa-#
020 _a9687471018
040 _aDLC
_cDLC
_dDLC
050 4 _aND255.G8
_b.C65 1995
245 1 0 _aColección Pascual Gutiérrez Roldán
_cXavier Moyssén ... [et al.].
260 _aMéxico
_bAttame
_c1995
300 _a255 p.
_bil. (algunas a color)
_c30 cm.
600 1 4 _aSaldívar de Gutiérrez Roldán, Elisa
_d1913-
_vCatálogos
_xRetratos
_94947
600 1 4 _aGutiérrez Roldán, Pascual
_d1903-1979
_vCatálogos
_xColecciones de arte
_94948
650 1 4 _aPintura
_vCatálogos
_xColecciones privadas
_zMéxico
_94949
650 1 4 _aPintura mexicana
_vCatálogos
_ySiglo XX
_93781
700 1 _aMoyssén, Xavier
_93873
942 _2lcc
_cB
999 _c1378
_d1378